| 000 | 00517nam a2200181Ia 4500 | ||
|---|---|---|---|
| 008 | 230524s9999 xx 000 0 und d | ||
| 020 | _a9788126523610 | ||
| 082 |
_a681.2 _bSWA |
||
| 100 |
_aAnanthram Swami _943945 |
||
| 245 | 0 | _aWireless Sensor Networks:Signal Processing and Communications Perspectives | |
| 250 | _a1 | ||
| 260 |
_aDelhi _bJohn Wiley _c2012 |
||
| 300 | _a"XI,394p;" | ||
| 500 | _aQuantity Number: 1 | ||
| 650 | _aComp.Sc | ||
| 700 |
_a"Qing Zhao,Yao-win Hong,Lang Tong" _943946 |
||
| 942 | _cBK | ||
| 999 |
_c59568 _d59568 |
||